000 00561nam a2200169 i 4500
001 134233
003 ES-MaACL
005 20230906194629.0
007 t|
008 070907s1902 xxu ||||1| spa d
100 1 _aWashington, Booker T.
_9116146
245 1 0 _aDe esclavo a catedrático
_b: autobiografía de Booker T. Washington /
_cvertida del inglés al español por Alfredo Elías y Pujol.
260 _aNueva York :
_bD. Applenton,
_c1902.
300 _aVI, 297 p. ;
_c18 cm.
700 1 _aElías y Pujol, Alfredo.
_946981
852 _aES-MaACL
_jG-8044
999 _c134233
_d134233